zpět

Detail výsledku týmu

Infinity c&c bar, Zlín

Datum a čas kvízu

32.5 Celkem bodů Celkový počet nahraných bodů na tomto kvízu bez doplňovacích otázek.
2. Pořadí na kvízu Konečné umístění týmu na tomto kvízu.

Zaznamenané odpovědi

# Otázka Odpověď Body Výsledky
1. Ve středu ve 12 hodin jsme se... zkouška sirén 1
2. Pouze pět států na středečním... Severní Korea (KLDR) 1
3. Kolik sošek Českého lva získal... osm ocenění (sedm či devět za půl bodu) 1
4. Jak se jmenuje muž na fotograf... Tomáš Čupr 1
5. Reprezentace jedné země poslal... Argentina 1
6. Arthur Conan Doyle ve svých ro... Enola Holmes 1
7. Belgický spisovatel Georges Si... Jules Maigret [žyl megré] 0
8. J. K. Rowlingová píše detektiv... B) má amputovanou nohu 0
9. Přiřaďte následující spisovate... 1D 2C 3B 4A 0
10. Seriál Devadesátky se setkal s... C) Ivan Pauřík 0